[Event "Floripa Chess Open 2024"]
[Site "Florianopolis"]
[Date "2024.01.22"]
[Round "4.219"]
[White "Ruvieri, Valter"]
[Black "Pavao, Tiago Lara Biasi"]
[Result "0-1"]
[WhiteElo "1067"]
[BlackElo "1613"]
[PlyCount "52"]
[EventDate "2024.01.20"]
[EventRounds "10"]
[EventCountry "BRA"]

1. d4 {Caruana,F} d5 2. e3 Nf6 3. Nf3 e6 4. Bd3 Be7 5. O-O O-O 6. b3 b6 7. Bb2
c5 8. c4 ({RR} 8. dxc5 Bxc5 ({RR} 8... bxc5 9. c4) 9. Nbd2 Bb7 10. Qe2 Nbd7 11.
c4 ({RR} 11. e4 dxe4 12. Nxe4 Be7 ({RR} 12... Nxe4 13. Bxe4 Bxe4 14. Qxe4 Nf6)
13. Rad1 ({RR} 13. Neg5 Nc5 14. Rad1 Nxd3 15. Rxd3 Qc7) 13... Qc7 ({RR} 13...
Nxe4 14. Bxe4 Bxe4 15. Qxe4 Qc7) 14. Neg5 Nc5 15. Be5 Qc6 16. Bxf6 gxf6 17.
Bxh7+ Kg7 18. Be4 Nxe4 19. Nd4 fxg5 20. Nxc6 Bxc6) ({RR} 11. a3 Re8) 11... dxc4
({RR} 11... Qe7 12. cxd5 Nxd5 13. a3 a5 14. Ne4 N5f6 15. Nfd2) 12. Nxc4 Qe7 13.
a3 a5 14. Nd4 ({RR} 14. e4 Rfd8 15. e5 Nd5 16. g3 Nf8) 14... Rfd8 15. Rfd1 Rac8
({RR} 15... Nf8 16. Ne5) 16. Rac1 ({RR} 16. Nb5 Nf8 17. b4 axb4 18. axb4 Bxb4
19. Nxb6) ({RR} 16. Nc2 e5 ({RR} 16... Nf8 17. b4 axb4 18. axb4) 17. e4) 16...
Nf8 17. Qe1 Ng6 18. Bf1 Ng4 19. Nb5 ({RR} 19. h3 N4e5 20. Nxe5 Nxe5) 19... Bc6
({RR} 19... Qg5 20. h3 ({RR} 20. Nbd6 Bxd6 21. Nxd6 N4e5) 20... N4e5 21. Nxe5
Nxe5 22. Bxe5 ({RR} 22. Kh1 Nd3 23. Rxd3 Rxd3 24. b4 axb4 25. axb4 Rb3 26. bxc5
Rxb5) 22... Qxe5) 20. a4 Bd5 ({RR} 20... Qg5 21. h3 N4e5 22. Nxe5 Nxe5 23. Bxe5
Qxe5 24. Na7) 21. Bd4 Bxc4 ({RR} 21... Bxd4 22. Rxd4 ({RR} 22. Nxd4 Qc7) 22...
N6e5 23. Nxb6 Rxc1 24. Qxc1 Qh4) 22. Rxc4 Bxd4 {Carlsen,M (2853)-Karjakin,S  
(2769) New York 2016 CBM 176 [Caruana,F] 0-1 (52) RR} 23. exd4 Nf6 24. g3 Qd7
25. Bg2 Ne7) ({RR} 8. Nbd2 Bb7 9. Ne5) ({RR} 8. Nbd2 Ba6 9. c4 Nc6 10. Ne5 Nxe5
11. dxe5 Nd7 12. Qc2 g6 13. cxd5 Bxd3 14. Qxd3 exd5 15. Qxd5 Qc7 16. Nc4 Bg5
17. e6 fxe6 18. Qxg5 {1-0 (18) Lauridsen,J (2251)-Johnson,B (1972) chess.com
INT 2023}) 8... cxd4 9. exd4 Bb7 $146 ({RR} 9... dxc4 10. bxc4 Bb7 11. Nbd2
Nbd7 12. Rc1 Rc8 13. Qe2 Re8 14. Rc3 Nf8 15. Rb3 Ng6 16. Bb1 Qc7 17. h3 Nh5 18.
Be4 Ba6 19. Rc1 Nhf4 20. Qe3 f5 21. Bb1 Bb7 22. Ba3 Bxa3 23. Rxa3 e5 24. dxe5 {
Meijers,V (2470)-Caprio,G (2250) Ischia 2010 1-0 (32)}) 10. Qe2 Nbd7 11. Nbd2
Qc7 12. Rac1 Qd8 13. h3 dxc4 14. Nxc4 Rc8 15. Rfe1 Bb4 16. Bc3 Bxc3 17. Rxc3 b5
18. Nd6 Rxc3 19. Nxb7 Qc7 20. Be4 Nd5 21. Bxh7+ Kxh7 22. Ng5+ Kg8 23. Qh5 N7f6
24. Qh4 Qxb7 25. Re5 Rc1+ 26. Kh2 Ne7 0-1

[Event "Floripa Chess Open 2024"]
[Site "Florianopolis"]
[Date "2024.01.23"]
[Round "5.11"]
[White "Matsuura, Everaldo"]
[Black "Rodi, Luis Ernesto"]
[Result "1/2-1/2"]
[WhiteElo "2410"]
[BlackElo "2196"]
[PlyCount "24"]
[EventDate "2024.01.20"]
[EventRounds "10"]
[EventCountry "BRA"]

1. d4 Nf6 2. c4 e5 3. dxe5 Ng4 4. Bf4 Nc6 5. Nf3 Bb4+ 6. Nbd2 Qe7 7. e3 Ngxe5
8. Nxe5 Nxe5 9. Be2 d6 10. O-O a5 11. Nb3 a4 12. a3 Bc3 1/2-1/2

[Event "Floripa Chess Open 2024"]
[Site "Florianopolis"]
[Date "2024.01.23"]
[Round "5.12"]
[White "Do Valle Cardoso, Lucas"]
[Black "Sega, Carlos Alberto"]
[Result "1-0"]
[WhiteElo "2392"]
[BlackElo "2193"]
[PlyCount "77"]
[EventDate "2024.01.20"]
[EventRounds "10"]
[EventCountry "BRA"]

1. e4 e5 2. Nf3 Nc6 3. Bc4 Bc5 4. c3 Nf6 5. d4 exd4 6. e5 d5 7. Be2 Ne4 8. cxd4
Bb6 9. Nc3 O-O 10. O-O Bf5 ({RR} 10... f6 11. exf6 Nxc3 12. bxc3 Qxf6 13. h3
Bf5 14. a4 Rae8 15. Nh2 Na5 16. Bh5 Bg6 17. Ng4 Qe6 18. Bxg6 hxg6 19. Ba3 Rf5
20. Ne5 c6 21. Qg4 Rf6 22. f4 Nc4 23. Nxc4 Qxg4 24. hxg4 dxc4 25. Rab1 {
Aronian,L (2767)-Nakamura,H (2777) chess.com INT 2018 1/2-1/2 (74)}) ({RR} 
10... Ne7 11. h3 c6 12. Bf4 Bf5 13. Rc1 Ng6 14. Bh2 f6 15. exf6 Qxf6 16. Na4
Be6 17. Nxb6 axb6 18. a3 Nf4 19. Bxf4 Qxf4 20. Qd3 Bf5 21. Qe3 Qxe3 22. fxe3
Ng3 23. Rf2 Nxe2+ 24. Rxe2 Bxh3 25. Ne5 {Janaszak,D (2308)-Alekseenko,K (2650)
chess.com INT 2024 1/2-1/2 (48)}) 11. Be3 Nxc3 12. bxc3 Na5 $146 ({RR} 12... f6
13. exf6 Qxf6 14. Qb3 Qd6 15. Rfe1 Rae8 16. Rad1 Kh8 17. Bc1 Na5 18. Qa4 Qd7
19. Qxd7 Bxd7 20. Ba3 Rf6 21. Ne5 Ba4 22. Rb1 g6 23. Bb5 Bxb5 24. Rxb5 Rfe6 25.
Rxd5 Nc4 26. Bc1 c6 27. Rd7 {Remizov,Y (2357)-Nugumanov,B (2391) Chelyabinsk
RUS 2019 1-0 (51)}) ({RR} 12... f6 13. exf6 Qxf6 14. Qb3 Qd6 15. Rfe1 Rae8 16.
Rad1 Kh8 17. Bc1 Na5 18. Qa4 Qd7 19. Qxd7 Bxd7 20. Ba3 Rf6 21. Ne5 Ba4 22. Rb1
g6 23. Bb5 Bxb5 24. Rxb5 Rfe6 25. Rxd5 Nc4 26. Bc1 c6 27. Rd7 {Remizov,Y (2357)
-Nugumanov,B (2391) Chelyabinsk RUS 2019 1-0 (51)}) 13. Bg5 Qe8 14. h3 h6 15.
Bh4 Qd7 16. Nh2 c5 17. dxc5 Bxc5 18. Ng4 Rfe8 19. Kh1 d4 20. cxd4 Bxd4 21. Rc1
Bxe5 22. Rc5 Nc6 23. Bf3 Bc7 24. Qc1 Bxg4 25. Bxg4 Qd6 26. f4 Bb6 27. Rc3 Nd4
28. f5 Ne2 29. Bxe2 Rxe2 30. f6 Qd2 31. Rc8+ Rxc8 32. Qxc8+ Bd8 33. fxg7 Re8
34. Qf5 Qxa2 35. Bxd8 Qe6 36. Bf6 Qxf5 37. Rxf5 Re6 38. Bd4 a6 39. Rd5 1-0

[Event "Floripa Chess Open 2024"]
[Site "Florianopolis"]
[Date "2024.01.23"]
[Round "5.13"]
[White "Perez, Maximiliano"]
[Black "Ribeiro, Matheus Mendes Domi"]
[Result "0-1"]
[WhiteElo "2383"]
[BlackElo "2130"]
[PlyCount "66"]
[EventDate "2024.01.20"]
[EventRounds "10"]
[EventCountry "BRA"]

1. g3 d5 2. Bg2 Nf6 3. f4 e6 4. Nf3 Bd6 5. b3 Nbd7 6. Bb2 c6 7. e3 O-O 8. O-O
b6 $146 ({RR} 8... Qc7 9. d4 Ne4 10. Nbd2 f5 11. Nxe4 fxe4 12. Nd2 Nf6 13. Qe2
b6 14. c4 Ba6 15. Rfc1 Qe7 16. a3 c5 17. Qe1 Bb7 18. a4 a5 19. Rc2 Rac8 20. Kh1
Rc7 21. Qe2 Ba6 22. Qd1 Rfc8 23. g4 {Paterson,G-Hassabis,D (2260) London 1994
0-1 (54)}) 9. Qe2 Bb7 10. d3 c5 11. Nbd2 Qc7 12. e4 e5 13. fxe5 Nxe5 14. exd5
Nxf3+ 15. Bxf3 Nxd5 16. Rae1 Bc6 17. Be4 f5 18. Bf3 Rae8 19. Qg2 Qb7 20. Nc4
Bc7 21. Rxe8 Rxe8 22. a4 a6 23. Qd2 f4 24. Bxd5+ Bxd5 25. gxf4 Qc6 26. Ne5 Qh6
27. Qe3 Re6 28. Rf2 Qh5 29. Qe2 Qh3 30. f5 Re8 31. f6 Bxe5 32. Bxe5 gxf6 33.
Rxf6 Rxe5 0-1

[Event "Floripa Chess Open 2024"]
[Site "Florianopolis"]
[Date "2024.01.23"]
[Round "5.14"]
[White "Caetano, Ryan Wesley Da Cost"]
[Black "Perdomo, Leandro"]
[Result "0-1"]
[WhiteElo "2184"]
[BlackElo "2382"]
[PlyCount "92"]
[EventDate "2024.01.20"]
[EventRounds "10"]
[EventCountry "BRA"]

1. d4 Nf6 2. c4 g6 3. Nc3 Bg7 4. e4 d6 5. Nf3 O-O 6. Be2 e5 7. O-O Nc6 8. d5
Ne7 9. Ne1 Nd7 10. Nd3 f5 11. f3 Nf6 12. b4 f4 13. c5 g5 14. a4 Ng6 ({RR} 14...
h5 15. Nf2 Ng6 16. a5 Rf7 17. c6 bxc6 18. dxc6 Kh8 19. Nd5 Nxd5 20. exd5 e4 21.
Rb1 e3 22. Ne4 Ne5 23. Bb2 Bf5 24. Bd3 g4 25. fxg4 hxg4 26. Rxf4 Bxe4 27. Rxf7
Nxf7 28. Bxg7+ Kxg7 29. Qxg4+ {Malka,S (2166)-Jimenez,J (2195) chess.com INT
2023 1-0 (37)}) 15. a5 Rf7 16. b5 $146 ({RR} 16. c6 a6 17. Nf2 bxc6 18. dxc6
Be6 19. Kh1 Ne7 20. b5 h5 21. g3 axb5 22. Bxb5 g4 23. gxf4 exf4 24. Bxf4 Nh7
25. Bd2 Rxf3 26. Nd3 Rxf1+ 27. Qxf1 Ng6 28. Ra3 Ng5 29. Ne1 d5 30. Qe2 Kh8 {
Renman,N (2320)-Nunn,J (2580) Assisi ITA 2022 0-1 (33)}) ({RR} 16. c6 a6 17.
Nf2 bxc6 18. dxc6 Be6 19. Kh1 Ne7 20. b5 h5 21. g3 axb5 22. Bxb5 g4 23. gxf4
exf4 24. Bxf4 Nh7 25. Bd2 Rxf3 26. Nd3 Rxf1+ 27. Qxf1 Ng6 28. Ra3 Ng5 29. Ne1
d5 30. Qe2 Kh8 {Renman,N (2320)-Nunn,J (2580) Assisi (ITA) 2022 0-1 (33)})
16... Bf8 17. c6 h5 18. cxb7 Bxb7 19. Kh1 Rg7 20. Nf2 Bc8 21. Rg1 Kh8 22. g3
Be7 23. Nd3 Qg8 24. gxf4 gxf4 25. Bd2 Bd7 26. Qc2 Qh7 27. Nf2 Rag8 28. Raf1 Nh4
29. Qd1 Ng2 30. Qc1 h4 31. Ncd1 Nh5 32. Ng4 Ng3+ 33. hxg3 Rxg4 34. gxf4 Rg3 35.
Nf2 h3 36. Ng4 Bxg4 37. fxg4 Qxe4 38. Qc4 Qxc4 39. Bxc4 R8xg4 40. Be2 Rg8 41.
fxe5 dxe5 42. Rf7 Bd6 43. Rf6 R8g6 44. Rxg6 Rxg6 45. Bf3 Kg7 46. Bxg2 Bc5 0-1

[Event "Floripa Chess Open 2024"]
[Site "Florianopolis"]
[Date "2024.01.23"]
[Round "5.15"]
[White "Molina, Roberto Junio Brito"]
[Black "De Carvalho, Vitor Augusto Ponci"]
[Result "1-0"]
[WhiteElo "2381"]
[BlackElo "2124"]
[PlyCount "23"]
[EventDate "2024.01.20"]
[EventRounds "10"]
[EventCountry "BRA"]

1. d4 {Krasenkow,M} Nf6 2. c4 g6 3. f3 d5 4. cxd5 Nxd5 5. e4 Nb6 6. Nc3 Bg7 7.
Be3 Nc6 8. d5 ({RR} 8. Bb5) 8... Na5 ({RR} 8... Ne5 9. Bd4 ({RR} 9. f4 Ng4 10.
Bb5+ ({RR} 10. Bd4 Nf6 ({RR} 10... Bxd4 11. Qxd4 O-O) ({RR} 10... e5) 11. Bb5+
Bd7 12. Bxd7+ Qxd7 13. Nf3 O-O 14. O-O c6 15. dxc6 Qxc6 16. Qe1 Rfd8 17. Rc1)
10... Bd7 11. Bd4 ({RR} 11. Qxg4 Bxc3+ 12. bxc3 Bxb5 13. Bd4 Rf8 14. a4 Nxa4
15. Qd1 Nb6 16. Nf3 Qd6 17. Be5 Qd7) 11... Bxd4 12. Qxd4 O-O 13. Be2 Nf6 14. a4
a5 15. Bf3 c6 16. Nge2 cxd5 17. e5 Ne4 18. Nxd5 Nxd5 19. Qxd5 Bc6) 9... O-O 10.
f4 Ng4 ({RR} 10... Bg4 11. Be2 Bxe2 12. Ngxe2 Ng4 13. Bxg7 Kxg7 14. Qd4+ Nf6
15. Rd1) ({RR} 10... c5 11. Bxc5 Nec4 12. e5 f6 13. Qb3 Na5 14. Qa3 Nxd5 15.
Rd1) 11. Nf3 ({RR} 11. h3 e5 12. Bxb6 Qh4+ 13. g3 Qxg3+ 14. Kd2 axb6 15. hxg4
exf4 16. Qf3 Bxg4 17. Qxg3 fxg3) ({RR} 11. Bxg7 Kxg7 12. Be2 ({RR} 12. Qd4+ Nf6
({RR} 12... f6 13. h3 ({RR} 13. Nf3 e5 14. dxe6 Qe7 15. f5 ({RR} 15. h3 Rd8)
15... Rd8 16. Nd5 Nxd5 17. exd5 gxf5 18. O-O-O c6) 13... e5 14. Qd2 Nh6 15.
fxe5 fxe5 16. Nf3 Nf7 17. Be2 Bd7 18. O-O Qe7 19. Rf2 c6 20. Raf1) 13. Nf3 ({RR
} 13. O-O-O c6 ({RR} 13... e6 14. g4 c5 15. Qxc5 Nxg4 16. dxe6 Qf6) 14. h3 ({RR
} 14. dxc6 Qxd4 15. Rxd4 bxc6 16. Nf3 Bb7 17. Rd2 c5) 14... Qc7 ({RR} 14...
cxd5 15. e5 Ne8 16. g4) 15. Qe5 Qxe5 16. fxe5 Nfd7 17. Nf3) 13... e6 ({RR} 
13... c6 14. dxc6 ({RR} 14. O-O-O Bg4 15. dxc6 Bxf3 16. gxf3 bxc6 17. Qxd8
Raxd8 18. Rxd8 Rxd8 19. Ba6 Nh5 20. Ne2 Kf6) 14... Qxd4 15. Nxd4 bxc6 16. Be2
c5 17. Nb3 c4 18. Na5 Be6 19. O-O-O Rac8 20. Bf3 Nfd7 21. f5) 14. O-O-O exd5
15. e5 ({RR} 15. exd5 Qd6 16. Be2 Rd8 17. Rd2 Nbxd5 18. Nxd5 Qc6+ 19. Qc3 Rxd5
20. Qxc6 bxc6 21. Rc2 Rd6) 15... Ng8 16. h4 h5) ({RR} 12. a4 a5 13. Qd4+ Nf6
14. Be2 e6 15. g4 c5 16. Qxc5 exd5) 12... e5 ({RR} 12... Nf6 13. Nf3 ({RR} 13.
Qd4 e6 14. O-O-O exd5 15. exd5 ({RR} 15. e5 Ne8 16. g4 Qe7 17. Nxd5 Nxd5 18.
Qxd5 f6) 15... Re8 16. Bf3 Kg8 17. Nge2 Qe7 18. h3 Bd7 19. Rhe1 c5) 13... c6 ({
RR} 13... e6 14. dxe6 Bxe6 15. O-O) 14. dxc6 bxc6 15. O-O) 13. Bxg4 Qh4+ 14. g3
Qxg4 15. Qxg4 ({RR} 15. fxe5 Qxd1+ 16. Nxd1 Re8 17. Nf3 Bg4 18. O-O Bxf3 19.
Rxf3 Rxe5) 15... Bxg4 16. h3 Bd7 17. Nf3 exf4 18. gxf4 Rae8 19. O-O-O f6) 11...
Nf6 ({RR} 11... c5 12. Bxg7 Kxg7 13. Qd2 e6 14. d6) ({RR} 11... Bxd4 12. Qxd4 {
RR} e6 13. O-O-O exd5 14. exd5 Re8 15. Bb5 Bd7 16. Bxd7 Nxd7 17. Rhe1 Qf6) 12.
Qd2 ({RR} 12. a4) ({RR} 12. Be2 e6 13. dxe6 Bxe6 14. O-O) 12... e6 13. dxe6
Bxe6 14. O-O-O c5 15. Be5 ({RR} 15. Bxc5 Qxd2+ 16. Nxd2 ({RR} 16. Rxd2 Rfc8 17.
Bxb6 axb6) ({RR} 16. Kxd2 Rfc8 17. Bxb6 axb6 18. e5 Nd5 19. Nxd5 Bxd5 20. a3
Bxf3 21. gxf3 Bh6) 16... Rfc8 17. Bd4 Nh5 18. Bxg7 Kxg7 19. f5 Bxa2) 15...
Qxd2+ 16. Rxd2 Rfd8 ({RR} 16... Ng4) 17. Bd3 Ng4 ({RR} 17... Nh5 18. g3 Bg4 19.
Bxg7 Bxf3 20. Rf1 Nxg7 21. Rxf3 Ne6) 18. Bxg7 Kxg7 19. Re1 Bc4 20. h3 Nf6 21.
Red1 Re8 22. Bc2 Nh5 23. f5 {Anand,V (2780)-Caruana,F (2773) Sao Paulo/Bilbao
2012 CBM 151 [Krasenkow,M] 1/2-1/2 (45)}) ({RR} 8... Nb8 9. a4) ({RR} 8... Ne5
9. f4 Ng4 10. Bd4 e5 11. Bc5 Bd7 12. Be2 exf4 13. Nf3 Ne5 14. O-O Nxf3+ 15.
Rxf3 Be5 16. Qd2 g5 17. Raf1 Rg8 18. Kh1 Qf6 19. g3 O-O-O 20. Nb5 Bxb5 21. Bxb5
a6 22. Be2 Qh6 23. g4 {Fellman,M (2107)-Kwong,W (1824) Chennai IND 2022 1-0  
(62)}) 9. Bd4 f6 10. Bxb6 axb6 $146 ({RR} 10... cxb6 11. b4 f5 12. Rc1 fxe4 13.
bxa5 exf3 14. Nxf3 bxa5 15. Bb5+ Bd7 16. Bxd7+ Qxd7 17. O-O O-O 18. Qb3 Kh8 19.
Nb5 Rf5 20. Nc7 Rb8 21. Rfd1 Qd6 22. Ne6 Bh6 23. Rc7 b5 24. Qc3+ Kg8 25. Rc6 {
Batkovskyte,D (2101)-Vanagaite,G (1993) Lithuania 2013 1-0 (32)}) 11. b4 f5 12.
Rc1 1-0

[Event "Floripa Chess Open 2024"]
[Site "Florianopolis"]
[Date "2024.01.23"]
[Round "5.16"]
[White "Takano, Nicholas Ryo"]
[Black "Vazquez, Facundo"]
[Result "1/2-1/2"]
[WhiteElo "2172"]
[BlackElo "2381"]
[PlyCount "85"]
[EventDate "2024.01.20"]
[EventRounds "10"]
[EventCountry "BRA"]

1. e4 c5 2. Nf3 d6 3. d4 cxd4 4. Nxd4 Nf6 5. Nc3 a6 6. Be3 e5 7. Nb3 Be6 8. f3
Be7 9. Qd2 h5 10. Nd5 Bxd5 11. exd5 Nbd7 12. Be2 Qc7 13. Na5 e4 ({RR} 13... O-O
14. c4 Rfe8 15. O-O e4 16. f4 Ng4 17. Bxg4 hxg4 18. Rac1 Nc5 19. b4 Nd3 20. Rb1
Bd8 21. a3 Rc8 22. Rb3 Qd7 23. Rc3 Bxa5 24. bxa5 Qc7 25. Rb1 Re7 26. Rb6 Nc5
27. Qd1 f5 28. Rc1 {Casadio,N (2082)-Frey,F (2246) Pula (Sardinia) ITA 2023
0-1 (58)}) 14. O-O O-O 15. c4 Ne5 $146 ({RR} 15... exf3 16. gxf3 Ne5 17. b4 b6
18. f4 Neg4 19. Nc6 Nxe3 20. Qxe3 Rfe8 21. Bd3 Bf8 22. Qd4 a5 23. a3 Nd7 24.
Kh1 g6 25. f5 Bg7 26. f6 Bh6 27. Bxg6 Ne5 28. Bxh5 Nxc6 29. Rg1+ Kh8 30. Qh4 {
Wagner,D (2581)-Perez,M (2417) chess.com INT 2020 1-0 (32)}) ({RR} 15... exf3
16. gxf3 Ne5 17. b4 b6 18. f4 Neg4 19. Nc6 Nxe3 20. Qxe3 Rfe8 21. Bd3 Bf8 22.
Qd4 a5 23. a3 Nd7 24. Kh1 g6 25. f5 Bg7 26. f6 Bh6 27. Bxg6 Ne5 28. Bxh5 Nxc6
29. Rg1+ Kh8 30. Qh4 {Wagner,D (2581)-Perez,M (2417) chess.com INT 2020 1-0  
(32)}) 16. f4 Neg4 17. Bd4 Rae8 18. b4 Qd7 19. Rac1 Bd8 20. Nb3 Qf5 21. h3 Nh6
22. Be3 Qg6 23. Nd4 Nf5 24. Nxf5 Qxf5 25. Rfd1 b6 26. Qe1 Nd7 27. g4 hxg4 28.
hxg4 Qg6 29. Qg3 f5 30. g5 Kf7 31. Kg2 Rh8 32. Rh1 Bc7 33. Rh4 Ke7 34. Rch1
Rxh4 35. Qxh4 Qf7 36. Bd4 g6 37. Qf2 a5 38. b5 Rg8 39. Rh6 Kd8 40. Qh4 Nf8 41.
Bd1 Kc8 42. Rh8 Bd8 43. Rxg8 1/2-1/2

[Event "Floripa Chess Open 2024"]
[Site "Florianopolis"]
[Date "2024.01.23"]
[Round "5.17"]
[White "Bueno, Alfeu Junior Varela"]
[Black "Gemy, Jose Daniel"]
[Result "0-1"]
[WhiteElo "2156"]
[BlackElo "2329"]
[PlyCount "74"]
[EventDate "2024.01.20"]
[EventRounds "10"]
[EventCountry "BRA"]

1. e4 e5 2. Nc3 Nc6 3. Bc4 Nf6 4. d3 Bb4 5. Bg5 h6 6. Bxf6 Bxc3+ 7. bxc3 Qxf6
8. Ne2 d6 9. O-O g5 10. d4 h5 11. Bb5 h4 12. f3 Bd7 13. Rb1 a6 $146 ({RR} 13...
O-O-O 14. Bxc6 Bxc6 15. d5 Bd7 16. Qd3 Rdg8 17. Rb3 Qg6 18. Ra3 a6 19. Rb1 g4
20. f4 f5 21. Rxb7 Kd8 22. Qc4 Ke7 23. Qxc7 Rd8 24. fxe5 fxe4 25. Nf4 Qh6 26.
Qxd6+ Qxd6 27. exd6+ Kxd6 28. Rxa6+ {Cherepkov,A-Estrin,Y Leningrad (Russia)
1955 1-0}) 14. Bxc6 Bxc6 15. d5 Bb5 16. c4 Bxc4 17. Rxb7 Bb5 18. c4 Bd7 19.
Rxc7 Rb8 20. Ra7 Qd8 21. Rxa6 Qc8 22. Ra5 Qxc4 23. Qd2 Qc7 24. Rc1 Qb6+ 25. Kh1
f6 26. Ra3 Ke7 27. Rac3 Qf2 28. Qe3 Qxe3 29. Rxe3 Rb2 30. Nc3 Rc8 31. h3 Rc4
32. Kh2 Rc8 33. Kg1 Kd8 34. Kh2 Rc4 35. Kg1 Bb5 36. Kh2 Ba6 37. Kg1 Rd4 0-1

[Event "Floripa Chess Open 2024"]
[Site "Florianopolis"]
[Date "2024.01.23"]
[Round "5.18"]
[White "De Oliveira, Gustavo Alfredo Bue"]
[Black "Diaz Villagran, Robert"]
[Result "1/2-1/2"]
[WhiteElo "2147"]
[BlackElo "2268"]
[PlyCount "80"]
[EventDate "2024.01.20"]
[EventRounds "10"]
[EventCountry "BRA"]

1. d4 Nf6 2. Bf4 g6 3. Nc3 d5 4. Qd2 b6 5. O-O-O Bb7 6. f3 Bg7 7. Bh6 Bxh6 8.
Qxh6 Nbd7 $146 ({RR} 8... Na6 9. Nh3 Qd7 10. Ng5 Rf8 11. Nxh7 Nxh7 12. Qxh7
O-O-O 13. e3 Qe6 14. Qh6 Kb8 15. Qf4 f6 16. h4 Rg8 17. a3 Bc8 18. e4 dxe4 19.
fxe4 g5 20. Qf3 gxh4 21. Rxh4 Rg5 22. Nd5 Rdg8 23. Rh7 {Esti,K (1638)-Kaplan,E
(1944) Konya TUR 2022 1-0 (42)}) 9. e3 a6 10. Nge2 c5 11. Nf4 cxd4 12. exd4 Qc7
13. Nd3 O-O-O 14. Qe3 e6 15. g4 h5 16. g5 Ne8 17. Ne5 Nd6 18. Bd3 b5 19. Kb1
Nb6 20. a3 Kb8 21. Na2 Rhf8 22. Nc1 Ndc4 23. Qe1 Rc8 24. Nb3 Na4 25. Bxc4 bxc4
26. Nc5 Nxc5 27. dxc5 Ka8 28. Qc3 Rfd8 29. Qd4 Bc6 30. b4 a5 31. Kb2 Ba4 32.
Rd2 Rb8 33. c3 Rdc8 34. Kc1 Bb3 35. Rb2 Rb7 36. Re1 Rcb8 37. c6 Rb6 38. Qc5 Rb5
39. Qd4 R5b6 40. Qc5 Rb5 1/2-1/2

[Event "Floripa Chess Open 2024"]
[Site "Florianopolis"]
[Date "2024.01.23"]
[Round "5.19"]
[White "Seccafim, Caic Dos Santos"]
[Black "Menna Barreto, Felipe Kubiaki"]
[Result "0-1"]
[WhiteElo "1986"]
[BlackElo "2278"]
[PlyCount "130"]
[EventDate "2024.01.20"]
[EventRounds "10"]
[EventCountry "BRA"]

1. e4 c5 2. Nf3 e6 3. d3 Nc6 4. g3 g6 5. Bg2 Bg7 6. c3 d5 ({RR} 6... e5 7. a3
Nge7 8. b4 d6 9. O-O O-O 10. Nbd2 h6 11. Rb1 b6 12. Nc4 Be6 13. a4 d5 14. exd5
Nxd5 15. Bd2 e4 16. dxe4 Nxc3 17. Bxc3 Bxc3 18. Qe2 cxb4 19. Rfd1 Qe7 20. e5
Rad8 21. Ne3 {Timman,J (2655)-Kasimdzhanov,R (2614) Dordrecht 2000 0-1 (36)}) (
{RR} 6... d6 7. a3 Nf6 8. O-O O-O 9. Nbd2 Qc7 10. b4 b6 11. Rb1 Bb7 12. Bb2
Rad8 13. d4 cxd4 14. cxd4 Nb8 15. Rc1 Qd7 16. Re1 Rc8 17. e5 dxe5 18. dxe5 Rxc1
19. Qxc1 Rc8 20. Qa1 Bxf3 21. Nxf3 {Yen,W (2056)-Predke,A (2656) chess.com INT
2023 0-1 (62)}) 7. Nbd2 d4 $146 ({RR} 7... Nf6 8. e5 Nd7 9. d4 O-O 10. O-O f6
11. exf6 Bxf6 12. Nb3 Qb6 13. dxc5 Nxc5 14. Be3 Be7 15. Re1 a5 16. Bh3 Nd8 17.
Ng5 a4 18. Nxc5 Bxc5 19. Qd2 Bxe3 20. Rxe3 Ra5 21. Rae1 Rb5 22. R1e2 {Franco
Rincon,D (1685)-Soto Martin,M (1645) Madrid 2014 1-0 (41)}) 8. c4 Nge7 9. O-O
e5 10. Ne1 O-O 11. a3 a5 12. b3 Be6 13. Rb1 Qd6 14. Nc2 Bh6 15. Nf3 Bxc1 16.
Qxc1 Bg4 17. Nfe1 Be2 18. Qd2 Bxf1 19. Kxf1 Kg7 20. a4 f5 21. Na3 f4 22. Nf3
Qd7 23. Nb5 Rf6 24. gxf4 Rxf4 25. Nxe5 Rxf2+ 26. Qxf2 Nxe5 27. Qg3 N7c6 28. Bh3
Rf8+ 29. Ke2 Qe7 30. Rf1 Nb4 31. Rxf8 Kxf8 32. Kd2 Nbxd3 33. Bf1 Nb4 34. Qf4+
Kg7 35. h4 Nbc6 36. h5 gxh5 37. Be2 Qf6 38. Qg3+ Qg6 39. Qh3 Qg5+ 40. Kd1 d3
41. Bxd3 Qg4+ 42. Qxg4+ hxg4 43. Bf1 h5 44. Ke1 Nd4 45. Nd6 b6 46. Kf2 h4 47.
Bg2 Kg6 48. Ke3 h3 49. Bxh3 gxh3 50. Kf2 Ng4+ 51. Kg3 Ne2+ 52. Kxh3 Ne5 53. Nc8
Nd7 54. Kg4 Kf6 55. Kf3 Nd4+ 56. Ke3 Ke6 57. Kd3 Nxb3 58. Na7 Nd4 59. Nc8 Nc6
60. Ke3 Nce5 61. Kd2 Nxc4+ 62. Kc3 Nd6 63. Na7 Nxe4+ 64. Kd3 Nd6 65. Nc6 Ne5+
0-1

[Event "Floripa Chess Open 2024"]
[Site "Florianopolis"]
[Date "2024.01.23"]
[Round "5.20"]
[White "Martins, Anderson Donay"]
[Black "Haldorsen, Benjamin"]
[Result "0-1"]
[WhiteElo "2058"]
[BlackElo "2427"]
[PlyCount "62"]
[EventDate "2024.01.20"]
[EventRounds "10"]
[EventCountry "BRA"]

1. e4 c5 2. Nf3 e6 3. d4 cxd4 4. Nxd4 Nc6 5. Nb3 Nf6 6. Bd3 b6 ({RR} 6... Bb4+
7. c3 Be7 8. f4 d6 9. N1d2 O-O 10. Nf3 Qc7 11. O-O b6 12. Kh1 Bb7 13. Qe1 Rad8
14. Bd2 d5 15. e5 Ne4 16. Be3 Nc5 17. Bc2 Ba6 18. Rg1 Bd3 19. Bxc5 Bxc2 20.
Bxe7 Nxe7 21. Nbd4 {Tu,H (2417)-Bui,V (2392) Can Tho 2001 1-0 (42)}) 7. O-O ({
RR} 7. Bg5 Bb7 8. Nc3 Bb4 9. f4 h6 10. Bh4 Ne7 11. Nd2 Bxc3 12. bxc3 Qc7 13.
O-O d5 14. e5 Ne4 15. Bb5+ Bc6 16. Nxe4 dxe4 17. Bxe7 Bxb5 18. Bd6 Qxc3 19. Re1
Rc8 20. Qg4 Rg8 21. Qh4 g5 {Blaschke,T (2018)-Krassowizkij,J (2457)
Schwaebisch Gmuend 2016 1/2-1/2 (56)}) 7... Bb7 8. c4 Ne5 9. f3 $146 ({RR} 9.
Re1 Rc8 10. Bg5 h6 11. Bh4 g5 12. Bg3 Nxc4 13. Qe2 d5 14. f3 Be7 15. Nc3 Nh5
16. Bxc4 Rxc4 17. exd5 Bxd5 18. Be5 f6 19. Nxd5 Qxd5 20. Rad1 Qc6 21. Bb8 Kf7
22. Bd6 Re8 23. Qxe6+ {1-0 (23) Matanovic,L-Sucic,M (1915) Valpovo 2009}) 9...
Rc8 10. Qe2 Nxd3 11. Qxd3 Qc7 12. N1d2 Bd6 13. g3 h5 14. Rf2 h4 15. g4 Be5 16.
c5 bxc5 17. Nc4 Ba6 18. g5 Nh5 19. Kh1 d5 20. exd5 exd5 21. Qxd5 Rd8 22. Qxe5+
Qxe5 23. Nxe5 Rd1+ 24. Kg2 h3+ 25. Kxh3 Rg1 26. Rg2 Bf1 27. Kg4 Bxg2 28. h4 f6
29. Nc6 Kd7 30. Nca5 Bf1+ 31. Kf5 Bd3# 0-1

[Event "Floripa Chess Open 2024"]
[Site "Florianopolis"]
[Date "2024.01.23"]
[Round "5.21"]
[White "Von Buelow, Georg"]
[Black "Cordeiro, Marco Aurelio Zaror"]
[Result "1-0"]
[WhiteElo "2345"]
[BlackElo "2057"]
[PlyCount "81"]
[EventDate "2024.01.20"]
[EventRounds "10"]
[EventCountry "BRA"]

1. Nf3 Nf6 2. c4 c6 3. d4 d5 4. e3 g6 5. Nc3 Bg7 6. Be2 O-O 7. O-O Nbd7 8. cxd5
cxd5 9. Qb3 e6 10. Bd2 b6 ({RR} 10... a6 11. Rfc1 b6 12. Rc2 Bb7 13. Rac1 Rb8
14. Be1 Re8 15. a4 Rc8 16. Na2 Rxc2 17. Rxc2 Qa8 18. a5 b5 19. Nb4 Rc8 20.
Rxc8+ Qxc8 21. Nd3 Bf8 22. Bb4 Ne4 23. Bxf8 Kxf8 24. Bf1 Ke8 25. Qd1 {Nielsen,
P (2693)-Le,Q (2714) Beijing 2011 1/2-1/2 (58)}) ({RR} 10... Ne4 11. Rfc1 a6
12. Rc2 b6 13. Na4 Bb7 14. Ba5 bxa5 15. Qxb7 Nd6 16. Qc7 Nb5 17. Qxd8 Rfxd8 18.
Rac1 e5 19. dxe5 Nxe5 20. Nxe5 Bxe5 21. Bd3 d4 22. e4 Bf4 23. Rf1 Rac8 24. Rxc8
Rxc8 25. g3 {Mendonca,L (2558)-Garsky,V (2253) Nova Gorica SLO 2023 1-0 (38)})
11. Nb5 $146 ({RR} 11. Rfc1 a6 12. a4 Ne4 13. Be1 Bb7 14. Na2 Qb8 15. Rc2 Rc8
16. Rac1 Bf8 17. Rxc8 Bxc8 18. Bb4 Bb7 19. Bxf8 Kxf8 20. Qb4+ Qd6 21. Rc7 Ndc5
22. dxc5 Qxc7 23. c6+ Kg8 24. cxb7 Qxb7 25. Nc3 Rc8 {Cvitan,O (2525)-Mitrovic,
S (2295) Bela Crkva 1989 1-0 (35)}) ({RR} 11. Rac1 a6 12. Rc2 Bb7 13. Rfc1 Rc8
14. Na4 Rxc2 15. Rxc2 Ne4 16. Ba5 bxa5 17. Qxb7 Nb8 18. Bxa6 Nd6 19. Qa7 Re8
20. Be2 Re7 21. Qb6 Qxb6 22. Nxb6 Rb7 23. Na4 Bf8 24. b3 Be7 25. Ne5 Kg7 {
Henry,G-Fawole,J (2186) Caleta 2017 1/2-1/2 (31)}) 11... Ne4 12. Bb4 Re8 13.
Rfc1 a6 14. Nd6 Nxd6 15. Bxd6 Ra7 16. Rc2 b5 17. Rac1 Nb6 18. Qb4 Nc4 19. Bc5
Ra8 20. b3 Nb6 21. a4 Bd7 22. axb5 Bxb5 23. Bxb5 axb5 24. Qxb5 Rb8 25. Qd3 Nd7
26. Bd6 Rb7 27. Rc7 Rxc7 28. Bxc7 Qa8 29. Bd6 Nf6 30. Be5 Qa3 31. Rb1 Rc8 32.
Bxf6 Bxf6 33. g4 Be7 34. Kg2 Bb4 35. Qb5 Qa2 36. Qb7 Qxb1 37. Qxc8+ Kg7 38. Qb7
Ba3 39. Ng5 Kf6 40. h4 Be7 41. Qc7 1-0